000 00225nam a2200085Ia 4500
245 0 _aHerbs in the home
100 _a RICHMOND, Katherine London, 2003
_995688
942 _cBK
008 210817s9999 xx 000 0 und d
999 _c399087
_d399086